Statistics for Famous Missourians Quiz

Click here to take the quiz!

General Stats

  • This quiz has been taken 4,296 times
    (4,293 since last reset)
  • The average score is 10 of 20

Answer Stats

Clue City Missourian % Correct
Angelina Jolie's husbandSpringfieldBrad Pitt
92%
Mickey Mouse creatorMarcelineWalt Disney
91%
"Huckleberry Finn"HannibalMark Twain
91%
33rd PresidentIndependenceHarry S. Truman
84%
Fred Astaire's partnerKansas CityGinger Rogers
70%
"Spirit of St. Louis"St. LouisCharles Lindbergh
61%
Created an award for journalism and literatureSt. LouisJoseph Pulitzer
56%
"Johnny B. Goode"St. LouisChuck Berry
56%
"A Streetcar Named Desire" playwrightSt. LouisTennessee Williams
51%
Train robber who was shot in the backKearneyJesse James
51%
"Hot in Herre" rapperSt. LouisNelly
45%
"Little House on the Prairie"MansfieldLaura Ingalls Wilder
44%
"Sanford and Son" fatherSt. LouisRedd Foxx
41%
HOF Yankees catcherSt. LouisYogi Berra
40%
Jazz musician called "Bird"Kansas CityCharlie Parker
32%
Knicks forward and U.S. SenatorCrystal CityBill Bradley
29%
His followers are "dittoheads"Cape GirardeauRush Limbaugh
26%
"How to Win Friends and Influence People"MaryvilleDale Carnegie
25%
Top American WWI generalLacledeJohn J. Pershing
24%
Missouri governor and Bush's attorney generalWillardJohn Ashcroft
21%

Score Distribution

Percentile by Number Answered

Percent of People with Each Score

Your Score History

You have not taken this quiz since the last reset